| Tag |
First Indicator |
Second Indicator |
Subfields |
| LEADER |
00000cam a2200000 a 4500 |
| 001 |
in00000083392 |
| 005 |
20151008061245.0 |
| 008 |
731221s1973 ilua bs 00110 engm |
| 010 |
|
|
|a 76169517
|
| 020 |
|
|
|a 0202240363
|
| 020 |
|
|
|a 0202240371 (pbk.)
|
| 035 |
|
|
|a (OCoLC)00665155
|
| 035 |
|
|
|9 AAJ7664AM
|
| 040 |
|
|
|a DLC
|c DLC
|d m.c.
|d TXA
|d UtOrBLW
|
| 043 |
|
|
|a n-us---
|
| 049 |
|
|
|a TXAM
|c [802265]
|
| 050 |
0 |
0 |
|a HD7102.U4
|b M37 1973
|
| 082 |
0 |
|
|a 368.4/26/00973
|
| 090 |
|
|
|a HD7102.U4
|b M37 1979
|
| 100 |
1 |
|
|a Marmor, Theodore R.
|
| 245 |
1 |
4 |
|a The politics of Medicare /
|c Theodore R. Marmor, with the assistance of Jan S. Marmor.
|
| 250 |
|
|
|a Rev. American ed.
|
| 264 |
|
1 |
|a New York :
|b Aldine Pub. Co.,
|c 1973,
|
| 264 |
|
3 |
|c 1979 printing
|
| 300 |
|
|
|a xi, 150 pages :
|b illustrations ;
|c 22 cm.
|
| 336 |
|
|
|a text
|b txt
|2 rdacontent
|
| 337 |
|
|
|a unmediated
|b n
|2 rdamedia
|
| 338 |
|
|
|a volume
|b nc
|2 rdacarrier
|
| 500 |
|
|
|a Includes index.
|
| 504 |
|
|
|a Bibliography: pages 125-137.
|
| 650 |
|
0 |
|a Medicare.
|
| 651 |
|
0 |
|a United States
|x Politics and government
|y 1945-1953.
|
| 651 |
|
0 |
|a United States
|x Politics and government
|y 1945-1989.
|
| 700 |
1 |
|
|a Marmor, Jan S.
|
| 999 |
|
|
|a MARS
|
| 999 |
f |
f |
|s bad94554-7ad2-3f06-85ad-a8ee6813f618
|i 33cad317-e095-390a-8d19-0bbb6aac9e34
|t 0
|
| 952 |
f |
f |
|p ric
|a Texas A&M University
|b Rellis Campus
|c Joint Library Facility
|d Remote Storage
|t 0
|e HD7102.U4 M37 1979
|h Library of Congress classification
|i unmediated -- volume
|m A14806128942
|
| 998 |
f |
f |
|a HD7102.U4 M37 1979
|t 0
|l Remote Storage
|